000 00794nam a22002177a 4500
003 UA-OsUOA
001 119311
007 ta
008 20161019b un ||||| |||| 00| 0 ukr d
100 _aОмельчук С.
090 _a81
_bО-57
942 _cSA
040 _aUA-OsUOA
_bukr
_cUA-OsUOA
_dUA-OsUOA
245 _aПоняттєво-семантичні зв'язки в категорійному апараті сучасної української лінгводидактики
300 _aС.8-11
955 _a0
041 _aukr
080 _a81
773 0 _w119309
_tУкраїнська мова і література в школі
_dК.
_d2016
_g4
650 7 _a8 Мовознавство. Художня література. Літературознавство
_2UDC
999 _c405401
_d405401